Hit ’Em Up Style (Oops!) - Blu Cantrell - All Lyrics - Statistics

General Stats
  • This quiz has been taken 48 times
  • The average score is 470 of 672
Answer Stats
Answer % Correct
(Da
91%
da
91%
dum,
91%
dum)
91%
I
91%
no,
91%
a
87%
he
87%
just
87%
Just
87%
Oh,
87%
Oh
87%
(Oh),
87%
(Oh)
87%
(Oh,
87%
oh
87%
oh, oh,
87%
oh, oh
87%
Oh, oh
87%
(Oh-oh-oh)
87%
the
87%
The
87%
Whoa,
87%
And
83%
and
83%
'em
83%
Hey
83%
(Hey
83%
hey
83%
hit
83%
(Hit
83%
in
83%
So
83%
style
83%
style)
83%
up
83%
up,
83%
we
83%
when
83%
yeah)
83%
yeah,
83%
get
78%
Get
78%
go
78%
go,
78%
ladies,
78%
ladies
78%
ladies),
78%
(Ladies),
78%
man
78%
me
78%
to
78%
To
78%
was
78%
ya
78%
you
78%
your
78%
all
74%
All
74%
back
74%
for
74%
For
74%
it
74%
that
74%
wanna
74%
wild
74%
wild)
74%
goes
70%
goes)
70%
him
70%
his
70%
If
70%
is
70%
on
70%
There
70%
there
70%
time
70%
believe
65%
Can't
65%
cash
65%
gotta
65%
hands
65%
made
65%
my
65%
too
65%
went
65%
While
65%
away
61%
away,
61%
buck
61%
(Buck
61%
caught
61%
cheated
61%
cheatin'
61%
From
61%
have
61%
home
61%
house
61%
It's
61%
lies
61%
love
61%
(Oops!)
61%
shame
61%
times
61%
used
61%
what
61%
What
61%
alone"
57%
But
57%
'Cause
57%
clothes
57%
clothes)
57%
crib
57%
(Crib
57%
everything
57%
(Everything
57%
had
57%
hard
57%
last
57%
leave
57%
make
57%
of
57%
pay
57%
schemin'
57%
shopping
57%
Spend
57%
that's
57%
then
57%
these
57%
This
57%
told
57%
way
57%
way,
57%
"You'll
57%
"you'll
57%
you'll
57%
found
52%
let
52%
never
52%
now
52%
out
52%
play
52%
say
52%
see
52%
we've
52%
Will
52%
about
48%
better
48%
bills
48%
cold
48%
games
48%
late
48%
month
48%
other?
48%
things
48%
you're
48%
beamin'
43%
days
43%
dime
43%
dreams
43%
each
43%
know
43%
left
43%
Left
43%
mess
43%
owe
43%
ride
43%
spent
43%
spree
43%
take
43%
'til
43%
as
39%
bag
39%
Beamer
39%
down
39%
draggin'
39%
than
39%
trust
39%
without
39%
another
35%
braggin'
35%
grabbed
35%
happened
35%
Mia
35%
paid,
35%
Sold
35%
sold
35%
fade
30%
money,
30%
nothing
30%
old
30%
owed
30%
Soley
30%
until
30%
Marcus
26%
thought
26%
coming
22%
hill
22%
pictures
22%
cashbox
17%
rang,
17%
revenge
17%
Neiman
13%
else
9%
steamin'
9%
No matching quizzes found
Score Distribution
Percent of People with Each Score
Percentile by Number Answered
Your Score History
You have not taken this quiz